000 00575nam a2200169 a 4500
001 000043453
005 20201002040928.0
008 140318s2002 dr a r 000 0 spa d
020 _a9993487937
040 _aDO-SdBNP
_bspa
_cBNPHU
082 _axxxxx
_bB932s
245 0 0 _aBuilding a strategic partnership Dominican Republic - State of Florida.
260 _aSanto Domingo :
_bFundación Global Democracia y Desarrollo
_bLACC,
_c2002.
_fCorripio
300 _a95 p. :
_bil. ;
_c23 cm.
504 _aBibliografía : p. 95
710 1 2 _aLatin American and Caribbean Center
_971140
999 _c42942
_d42942